Basic applied reservoir simulation (Record no. 53860)
[ view plain ]
| 000 -LEADER | |
|---|---|
| fixed length control field | 01500nam a2200361Ia 4500 |
| 100 1# - MAIN ENTRY--AUTHOR NAME | |
| Personal name | Ertekin, Turgay. |
| 245 10 - TITLE STATEMENT | |
| Title | Basic applied reservoir simulation |
| 260 ## - PUBLICATION, DISTRIBUTION, ETC. (IMPRINT) | |
| Place of publication | Richardson, Tex. : |
| Name of publisher | Society of Petroleum Engineers, |
| Year of publication | 2001. |
| 300 ## - PHYSICAL DESCRIPTION | |
| Number of Pages | xii, 406 p. : |
| Other physical details | ill. |
| 650 #0 - SUBJECT ADDED ENTRY--TOPICAL TERM | |
| Topical Term | Oil reservoir engineering |
| Topical Term | Oil reservoir engineering |
| Topical Term | Petroleum engineering |
| Topical Term | Petroleum engineering |
| 700 1# - ADDED ENTRY--PERSONAL NAME | |
| Personal name | Abou-Kassem, Jamal H. |
| Personal name | King, Gregory R., |
| 856 40 - ELECTRONIC LOCATION AND ACCESS | |
| Uniform Resource Identifier | http://site.ebrary.com/lib/rucke/Doc?id=10619563 |
No items available.
